| 000 | 01002nam a2200265 i 4500 | ||
|---|---|---|---|
| 001 | 184790 | ||
| 003 | ES-MaACL | ||
| 005 | 20250828001648.0 | ||
| 008 | 160104s2008 sp |||| | spa d | ||
| 020 | _a978-84-7884-393-0 | ||
| 080 | _a504:37.02 | ||
| 100 | 1 |
_aRuiz, Antonio. _9158430 |
|
| 245 | 1 | 0 |
_aEducación, medio ambiente y didáctica del entorno _b: teoría y prácticas / _cAntonio Ruiz Heredia. |
| 260 |
_aMadrid : _bPopular, _c[2008] |
||
| 300 |
_a186 p. ; _c21 cm. |
||
| 490 | 1 |
_aExperiencias pedagógicas ; _v5 |
|
| 504 | _aBibliografía: p. [181]-183. | ||
| 505 | 8 |
_aContiene: ; _tDeclaración de Tbilisi ; _tCronología de eventos internacionales relacionados con la Educación Ambiental |
|
| 650 | 0 | 7 |
_aEducación ambiental _2embne _912086 |
| 650 | 0 | 4 |
_aMedio ambiente- _xProtección. _914959 |
| 830 | 0 |
_aExperiencias pedagógicas ; _v5 _9225135 |
|
| 852 |
_aES-MaACL _jA-13549 _9191805 _bR.150444 _cDEPO1 _dOlim: N-6549 |
||
| 942 | _2udc | ||
| 999 |
_c184790 _d184790 |
||